| 000 | 00761nam a2200253 a 4500 | ||
|---|---|---|---|
| 001 | 000021307 | ||
| 003 | DO-SdBNP | ||
| 005 | 20240626153548.0 | ||
| 008 | 100904s1985 ilua 001 0 eng d | ||
| 020 | _a0256032505 | ||
| 040 |
_aDO-SdBNP _bspa _cBNPHU |
||
| 049 | _aBNGR | ||
| 082 |
_a153.12 _bS839s |
||
| 100 | 1 |
_aStern, Leonard, _d1923- _944524 |
|
| 245 | 1 | 4 |
_aThe structures and strategies of human memory / _cLeonard Stern. |
| 260 |
_aHomewood, Illinois : _bThe Dorsey, _c1985. |
||
| 300 |
_axiii, 378 p. : _bill. ; _c24 cm. |
||
| 490 | 1 | _aThe Dorsey series in psychology | |
| 500 | _aIncludes indexes. | ||
| 504 | _aBibliography: p. 344-368. | ||
| 650 | 4 |
_aMemoria _940852 |
|
| 830 | 4 |
_aThe Dorsey series in psychology _944525 |
|
| 942 |
_2ddc _cLBS1 |
||
| 999 |
_c20807 _d20807 |
||